Poemas escogidos
Salvato in:
| Autore principale: | |
|---|---|
| Natura: | Libro |
| Lingua: | spagnolo |
| Pubblicazione: |
Madrid
Visor
1982
|
| Serie: | Coleccción
|
| Soggetti: | |
| Tags: |
Aggiungi Tag
Nessun Tag, puoi essere il primo ad aggiungerne!!
|
MARC
| LEADER | 00000nam a2200000 a 4500 | ||
|---|---|---|---|
| 001 | UCX8943 | ||
| 003 | CL-VaPUC | ||
| 008 | 940506e19820000SP |||||||||||||||||spa|d | ||
| 082 | 0 | 4 | |a 821 |b LAW |2 21 |
| 100 | |a Lawrence, David Herbert |e author |9 303256 | ||
| 245 | 1 | 0 | |a Poemas escogidos |
| 300 | |a 126 p | ||
| 942 | |c BK | ||
| 945 | |d 19940506 00:00:00 |a oaravena | ||
| 260 | |a Madrid |b Visor |c 1982 | ||
| 650 | 0 | |a Poesías inglesas |9 265094 | |
| 583 | |a last modification |c 19940506 00:00:00 |k Rodrigo Vera | ||
| 490 | 0 | |a Coleccción | |
| 999 | |c 228307 |d 228305 | ||
| 952 | |0 0 |1 0 |4 0 |6 821_000000000000000_LAW_1982 |7 0 |8 A |9 228241 |a BIBARQ |b BIBARQ |d 2019-11-15 |i 297746K |o 821 LAW 1982 |p 297746K |r 2025-01-20 |w 2019-11-15 |y BK |k ARQ | ||